01657nam a2200421Ia 4500001001200000003000800012006001900020007001500039008004100054010001700095020002200112020003000134020002900164020002600193020002500219020003300244020003200277020002900309040002100338035002100359050002400380082001800404245013500422260004400557300002500601504005100626533015200677650006200829650003400891650004200925650002400967655002900991700002201020700003101042710001701073856012601090999001901216ebr10667153CaPaEBRm u cr cn|||||||||120928s2013 nyua sb 001 0 eng d z 2012039414 z1441135286 (pbk.) z1441138498 (ebook (epub)) z1441168478 (ebook (pdf)) z1441172769 (hardback) z9781441135285 (pbk.) z9781441138491 (ebook (epub)) z9781441168474 (ebook (pdf)) z9781441172761 (hardback) aCaPaEBRcCaPaEBR a(OCoLC)82970472414aPN6725b.B56 2013eb04a741.5/97322300aBlack comicsh[electronic resource] :bpolitics of race and representation /cedited by Sheena C. Howard and Ronald L. Jackson II. aNew York :bBloomsbury Academic,c2013. axiii, 267 p. :bill. aIncludes bibliographical references and index. aElectronic reproduction.bPalo Alto, Calif. :cebrary,d2013.nAvailable via World Wide Web.nAccess may be limited to ebrary affiliated libraries. 0aComic books, strips, etc.xSocial aspectszUnited States. 0aAfrican American cartoonists. 0aAfrican Americans in popular culture. 0aRace in literature. 7aElectronic books.2local1 aHoward, Sheena C.1 aJackson, Ronald L.,d1970-2 aebrary, Inc.40uhttp://site.ebrary.com/lib/rucke/Doc?id=10667153zAn electronic book accessible through the World Wide Web; click to view c159936d159936